000 00651nam a2200241 a 4500
001 70672
003 BD-RjUL
005 20211209082028.0
008 170418s1991 enka b 001 0beng
035 _a(BD-RjUL)70886
040 _aDLC
_cCaBViV
_beng
041 _aeng
082 _223
_a519.2
_bMUT 1991
100 1 _aMukhopadhyay, Parimal
_9209175
245 1 0 _aTheory of probability /
_cParimal Mukhopadhyay
250 _a1st ed.
260 _aCalcitta :
_bNew central book agency,
_c1918.
300 _a335 p. :
_bill. ;
_c23 cm.
500 _aIncludes index
650 0 _aProbabilities.
_9209176
942 _2ddc
_cBK
999 _c70672
_d70672